00773nam a2200241 a 450000100060000000300080000600500170001400800410003103500190007203500190009104000330011004100080014304200120015108200220016310000450018524500780023025000110030826000290031930000370034850000870038565000240047270000350049675109BD-RjUL20211209082640.0190122s1949 enka 000 0 eng  a(BD-RjUL)75327 a(OCoLC)6393177 aDLCcTxCMdDLCdBD-RjULbeng aeng apremarc 223a547bSUP 19491 aSudborough, J. J.q(John Joseph),d1869-10aPractical organic chemistry /cby J. J. Sudborough and T. Campbell James. a2d ed. aLondon:bBlackie,c1949. axviii, 450 p. :billus.;c19 cm. a"A laboratory companion to Sudborough's edition of Bernthsen's Organic chemistry." 0aChemistry, Organic.1 aJames, Thomas Campbell,d1879-